Loading...

Watershed management social and institutional issues in north east India

Bibliographic Details
Format: Printed Book
Published: Meghalaya ICAR
Subjects:
LEADER 00498nam a22001457a 4500
003 OSt
082 |a 333.73  |b SAT/WA 
245 |a Watershed management social and institutional issues in north east India 
260 |a Meghalaya  |b ICAR 
300 |a 314 p 
546 |a English 
650 |a Watershed management programmes 
942 |2 ddc  |c BK 
999 |c 158734  |d 158734 
952 |0 0  |1 0  |2 ddc  |4 0  |6 333_730000000000000_SATWA  |7 0  |9 158350  |a KAUCLV  |b KAUCLV  |c GENERAL  |d 2018-03-06  |o 333.73 SAT/WA  |p 807682  |r 2018-03-06  |w 2018-03-06  |y BK